000 00271nam a2200109Ia 4500
008 231107s1986 xx 000 0 und d
041 _aeng
100 _aGALLION A B
245 _aURBAN PATTERN CITY PLANNIG AND DESIGN 5TH ED
260 _aUK
_bC B C
_c1986
300 _a643
999 _c932539
_d932539